00320pab a2200121 454500008004000000100001500040245005800055260000900113300001300122362001100135650001800146773003400164180718b2010 xxu||||| |||| 00| 0 eng d aShah, A.M. aArbitrariness in the colonial census of ethnic groups c2010 ap.16-17. a27 Nov aEthnic groups aEconomic and Political Weekly